Risk factors leading to cost over-run in highway projects (Record no. 106447)
[ view plain ]
| 000 -LEADER | |
|---|---|
| fixed length control field | 01013cam a2200205 4500 |
| 001 - CONTROL NUMBER | |
| control field | L136598 |
| 008 - FIXED-LENGTH DATA ELEMENTS--GENERAL INFORMATION | |
| fixed length control field | 070212n2005 000 0 eng u |
| 020 ## - INTERNATIONAL STANDARD BOOK NUMBER | |
| International Standard Book Number | 1741071011 |
| 035 ## - SYSTEM CONTROL NUMBER | |
| System control number | (Sirsi) u136598 |
| 041 0# - LANGUAGE CODE | |
| Language code of text/sound track or separate title | eng |
| 100 1# - MAIN ENTRY--PERSONAL NAME | |
| Personal name | Creedy, Garry |
| 245 00 - TITLE STATEMENT | |
| Title | Risk factors leading to cost over-run in highway projects |
| Medium | [electronic resource] |
| 260 ## - PUBLICATION, DISTRIBUTION, ETC. | |
| Place of publication, distribution, etc. | Brisbane |
| Name of publisher, distributor, etc. | Queensland University of Technology |
| Date of publication, distribution, etc. | 2005 |
| 490 #0 - SERIES STATEMENT | |
| Series statement | COBRA |
| Volume/sequential designation | 2005 |
| 520 ## - SUMMARY, ETC. | |
| Summary, etc. | Discusses the influence of cost overrun risk factors in construction projects, and how these factors lead to control on project cost estimates and the identifying of solutions for avoiding future estimate overruns. Evaluates and reports on data on cost overruns from 238 completed design-bid-build highway projects each costing over $1m. |
| 651 #4 - SUBJECT ADDED ENTRY--GEOGRAPHIC NAME | |
| Geographic name | AUSTRALIA |
| 690 ## - LOCAL SUBJECT ADDED ENTRY--TOPICAL TERM (OCLC, RLIN) | |
| Topical term or geographic name as entry element | BUILT ENVIRONMENT-BUILDING COSTS |
| 856 40 - ELECTRONIC LOCATION AND ACCESS | |
| Uniform Resource Identifier | <a href="https://www.rics.org/site/scripts/download_info.aspx?downloadID=2614">https://www.rics.org/site/scripts/download_info.aspx?downloadID=2614</a> |
| Public note | View the item free of charge at www.rics.org... |
| 942 ## - ADDED ENTRY ELEMENTS (KOHA) | |
| Suppress in OPAC | 0 |
| Withdrawn status | Lost status | Source of classification or shelving scheme | Damaged status | Not for loan | Home library | Current library | Shelving location | Date acquired | Total Checkouts | Full call number | Barcode | Date last seen | Copy number | Price effective from | Koha item type |
|---|---|---|---|---|---|---|---|---|---|---|---|---|---|---|---|
| Dewey Decimal Classification | Virtual | Virtual | Online | 12/02/2007 | ONLINE PUBLICATION | 136598-1001 | 06/08/2019 | 1 | 06/08/2019 | Book |